[Event "Rated Blitz game"]
[Site "?"]
[Date "2021.03.05"]
[Round "?"]
[White "Mr_Saw"]
[Black "annaly1979"]
[Result "0-1"]
[WhiteElo "2419"]
[BlackElo "2403"]
[PlyCount "28"]
[EventDate "2021.??.??"]
[EventType "blitz"]

1. e4 e5 2. Nf3 d5 3. exd5 e4 4. Qe2 f5 5. d3 Nf6 6. Nc3 Bb4 7. Bg5 Bxc3+ 8.
bxc3 O-O 9. dxe4 fxe4 10. Nd4 c5 11. dxc6 Nxc6 12. Qc4+ Kh8 13. O-O-O Qa5 14.
Nxc6 Qxg5+ {Normal} 0-1

[Event "Rated Blitz game"]
[Site "?"]
[Date "2021.03.05"]
[Round "?"]
[White "Verdik"]
[Black "JoNDzKi76"]
[Result "0-1"]
[WhiteElo "2369"]
[BlackElo "2419"]
[PlyCount "80"]
[EventDate "2021.??.??"]
[EventType "blitz"]

1. e4 e5 2. Nf3 d5 3. Nxe5 dxe4 4. d4 Bd6 5. Nc4 Nc6 6. Nxd6+ Qxd6 7. c3 f5 8.
g3 Nf6 9. Bf4 Qe7 10. Qb3 h6 11. h4 Bd7 12. Bxc7 Rc8 13. Bf4 b6 14. Ba6 Be6 15.
Qa4 Rc7 16. Bxc7 Qxc7 17. Bb5 Bd7 18. Qb3 a6 19. Bxa6 Ng4 20. Be2 Nf6 21. Na3
f4 22. Nb5 Qb8 23. O-O-O fxg3 24. fxg3 Qxg3 25. Kb1 Qe3 26. d5 Ne5 27. Nc7+ Kd8
28. Ne6+ Ke7 29. Qb4+ Kf7 30. Bb5 Bxe6 31. dxe6+ Kxe6 32. Qd6+ Kf5 33. Rhf1+
Nf3 34. Bd7+ Kg6 35. Qg3+ Kf7 36. Rg1 Nxg1 37. Qxe3 Nf3 38. Bf5 Re8 39. Bxe4
Nxh4 40. Qxb6 Rxe4 {Time forfeit} 0-1

[Event "Rated Blitz game"]
[Site "?"]
[Date "2021.03.05"]
[Round "?"]
[White "Maurice93"]
[Black "annaly1979"]
[Result "0-1"]
[WhiteElo "2529"]
[BlackElo "2382"]
[PlyCount "74"]
[EventDate "2021.??.??"]
[EventType "blitz"]

1. e4 e5 2. Nf3 d5 3. Nxe5 Qe7 4. d4 f6 5. Nd3 Nc6 6. c3 Bf5 7. Be2 Bxe4 8. O-O
Qf7 9. Bf3 Bf5 10. Bf4 Nge7 11. Bxc7 Ng6 12. Bg3 Be7 13. Re1 O-O 14. Bh5 a6 15.
Nf4 Rad8 16. Nd2 Bd6 17. Nxg6 hxg6 18. Bxd6 Rxd6 19. Bg4 Ne7 20. Nb3 b6 21.
Bxf5 Nxf5 22. Qd3 a5 23. Nd2 Re6 24. Nf3 Rfe8 25. Kf1 Nd6 26. Rxe6 Rxe6 27. Re1
Ne4 28. Nd2 f5 29. Nf3 Qe7 30. Ne5 Qh4 31. Rxe4 fxe4 32. Qb5 Rf6 33. Qxd5+ Kh7
34. g3 Qxh2 35. Ng4 Qh1+ 36. Ke2 Qf3+ 37. Kd2 Qxg4 {Normal} 0-1

[Event "Rated Blitz game"]
[Site "?"]
[Date "2021.03.05"]
[Round "?"]
[White "rampageJackson"]
[Black "Gifroy"]
[Result "1-0"]
[WhiteElo "2324"]
[BlackElo "2416"]
[PlyCount "145"]
[EventDate "2021.??.??"]
[EventType "blitz"]

1. e4 e5 2. Nf3 d5 3. Nxe5 Bd6 4. d4 dxe4 5. Bc4 Bxe5 6. dxe5 Qxd1+ 7. Kxd1 Bf5
8. Be3 Nc6 9. Bb5 Nge7 10. c3 O-O-O+ 11. Ke2 Nxe5 12. Bxa7 b6 13. Ba6+ Kd7 14.
Na3 N7c6 15. Rhd1+ Ke6 16. Rxd8 Rxd8 17. Nb5 Nxa7 18. Nxc7+ Kd6 19. Nb5+ Nxb5
20. Bxb5 Kc7 21. h3 h5 22. a4 Nd3 23. b4 Bd7 24. Bc4 Ne5 25. Bb3 f5 26. Ke3 g5
27. h4 Ng4+ 28. Ke2 gxh4 29. Rh1 Ra8 30. b5 Rf8 31. Rxh4 Nf6 32. f3 Kd6 33. Ke3
Ke5 34. f4+ Kd6 35. Kd4 Be6 36. Bd1 Rc8 37. Be2 Rd8 38. c4 Ke7+ 39. Ke5 Nd7+
40. Kd4 Nc5+ 41. Ke3 Bf7 42. Bxh5 Rh8 43. Bxf7 Rxh4 44. Bd5 Rh2 45. Kf2 Nd3+
46. Kg3 Rh1 47. a5 bxa5 48. b6 Nc5 49. b7 Nxb7 50. Bxb7 Kd6 51. Bc8 a4 52. Bxf5
a3 53. c5+ Kxc5 54. Be6 Ra1 55. f5 a2 56. f6 Kd6 57. Bc4 Rf1 58. Bxa2 Rxf6 59.
Kg4 Ke5 60. Kg5 Rf2 61. Bc4 e3 62. Kg4 e2 63. Bxe2 Rxe2 64. Kf3 Re1 65. Kf2 Re4
66. Kf3 Rf4+ 67. Kg3 Kf5 68. Kh3 Rg4 69. Kh2 Kg5 70. Kh3 Kf4 71. Kh2 Rg3 72.
Kg1 Ke3 73. Kh2 {Time forfeit} 1-0

[Event "Rated Blitz game"]
[Site "?"]
[Date "2021.03.05"]
[Round "?"]
[White "Sibelius_92"]
[Black "Gifroy"]
[Result "0-1"]
[WhiteElo "2499"]
[BlackElo "2469"]
[PlyCount "48"]
[EventDate "2021.??.??"]
[EventType "blitz"]

1. e4 e5 2. Nf3 d5 3. exd5 e4 4. Ne5 Qxd5 5. d4 exd3 6. Nxd3 Nc6 7. Nc3 Bb4 8.
Nxb4 Qxd1+ 9. Kxd1 Nxb4 10. Bb5+ c6 11. Re1+ Be6 12. Bc4 O-O-O+ 13. Bd3 Nxd3
14. cxd3 Rxd3+ 15. Kc2 Bf5 16. Re8+ Rd8+ 17. Re4 Nf6 18. f3 Rde8 19. Bg5 Nxe4
20. fxe4 Bxe4+ 21. Kb3 f6 22. Bf4 Rhf8 23. Bd6 Rf7 24. Re1 Bd5+ {Normal} 0-1

[Event "Rated Blitz game"]
[Site "?"]
[Date "2021.03.05"]
[Round "?"]
[White "ardeleanul"]
[Black "Gifroy"]
[Result "0-1"]
[WhiteElo "2336"]
[BlackElo "2405"]
[PlyCount "26"]
[EventDate "2021.??.??"]
[EventType "blitz"]

1. e4 e5 2. Nf3 d5 3. exd5 e4 4. Qe2 Nf6 5. c4 c6 6. dxc6 Nxc6 7. Nc3 Bf5 8.
Nh4 Nd4 9. Qd1 Be6 10. d3 Bb4 11. Qa4+ Nc6 12. dxe4 Nxe4 13. Qc2 Qxh4 {Normal}
0-1

[Event "Rated Blitz tournament 6YwGuR2v"]
[Site "?"]
[Date "2021.03.05"]
[Round "?"]
[White "Tahin_Pekmez"]
[Black "Erow"]
[Result "0-1"]
[WhiteElo "2436"]
[BlackElo "2646"]
[PlyCount "56"]
[EventDate "2021.??.??"]
[EventType "blitz"]

1. e4 e5 2. Nf3 d5 3. Nxe5 Bd6 4. d4 dxe4 5. Nc4 Be7 6. Nc3 Nf6 7. Be2 O-O 8.
O-O Nc6 9. d5 Nb4 10. Ne3 Bc5 11. a3 Bxe3 12. axb4 Bxc1 13. Rxc1 Re8 14. Qd4
Bf5 15. Rcd1 a6 16. b5 a5 17. b6 cxb6 18. d6 Bd7 19. Nb5 Bxb5 20. Bxb5 Re6 21.
d7 Re7 22. Rfe1 h6 23. Re3 a4 24. f3 Ra5 25. Bxa4 b5 26. Rde1 Rxd7 27. Qc5 bxa4
28. Qb4 Nd5 {Normal} 0-1

[Event "Rated Blitz game"]
[Site "?"]
[Date "2021.03.05"]
[Round "?"]
[White "Treil83"]
[Black "blastol"]
[Result "0-1"]
[WhiteElo "2405"]
[BlackElo "2356"]
[PlyCount "124"]
[EventDate "2021.??.??"]
[EventType "blitz"]

1. e4 e5 2. Nf3 d5 3. Nxe5 Bd6 4. d4 dxe4 5. Nc4 f5 6. Nc3 Nf6 7. Be2 O-O 8.
O-O Nc6 9. d5 Ne5 10. Nxd6 cxd6 11. f3 Qb6+ 12. Kh1 exf3 13. Bxf3 Nfg4 14. Qe1
Bd7 15. h3 Nxf3 16. Rxf3 Rae8 17. Qf1 Ne5 18. Rf2 h6 19. Rb1 Qd4 20. Bf4 g5 21.
Bxe5 Rxe5 22. Rd1 Qh4 23. Ne2 f4 24. Ng1 Re3 25. Rf3 Rfe8 26. Rxe3 Rxe3 27. Nf3
Qg3 28. Re1 Bb5 29. Qg1 Be2 30. Nd4 f3 31. Nf5 fxg2+ 32. Qxg2 Qxg2+ 33. Kxg2
Bf3+ 34. Kf2 Rxe1 35. Kxe1 Kh7 36. Ne3 h5 37. Kf2 g4 38. hxg4 hxg4 39. Kg3 Kg7
40. Nxg4 Bxd5 41. a3 Kf7 42. Kf4 Ke6 43. Ne3 Bc6 44. c3 d5 45. Nc2 Kd6 46. Nd4
Kc5 47. Ke3 Kc4 48. Kd2 a5 49. b3+ Kc5 50. b4+ axb4 51. axb4+ Kc4 52. Kc2 Be8
53. Kb2 Bg6 54. Nb3 Kd3 55. Nc5+ Kc4 56. Ne6 Bf5 57. Nc5 b6 58. Na4 Kb5 59. Ka3
Bc2 60. Nb2 Kc6 61. Ka2 b5 62. Ka3 Bd1 {Time forfeit} 0-1

[Event "Rated Blitz game"]
[Site "?"]
[Date "2021.03.05"]
[Round "?"]
[White "crackcubano"]
[Black "Fantastic_power06"]
[Result "0-1"]
[WhiteElo "2624"]
[BlackElo "2626"]
[PlyCount "44"]
[EventDate "2021.??.??"]
[EventType "blitz"]

1. e4 e5 2. Nf3 d5 3. exd5 e4 4. Ne5 Qxd5 5. d4 exd3 6. Nxd3 Bd6 7. Nc3 Qf5 8.
Be2 Nf6 9. O-O Nc6 10. Bf3 Be6 11. Re1 h5 12. Ne4 Nxe4 13. Bxe4 Qf6 14. Bd5
O-O-O 15. Bxc6 bxc6 16. Be3 h4 17. Qe2 h3 18. Nc5 Bxh2+ 19. Kxh2 hxg2+ 20. Kg1
Rh1+ 21. Kxg2 Qg6+ 22. Kf3 Qg4# {Normal} 0-1

[Event "Rated Blitz game"]
[Site "?"]
[Date "2021.03.05"]
[Round "?"]
[White "Sensei900"]
[Black "JoNDzKi76"]
[Result "1-0"]
[WhiteElo "2409"]
[BlackElo "2443"]
[PlyCount "65"]
[EventDate "2021.??.??"]
[EventType "blitz"]

1. e4 e5 2. Nf3 d5 3. exd5 e4 4. Qe2 Nf6 5. d3 Qxd5 6. Nbd2 Be6 7. Nxe4 Nbd7 8.
Nxf6+ Nxf6 9. Qe5 Qc6 10. Nd4 Bb4+ 11. Kd1 Qb6 12. Nxe6 fxe6 13. Be3 Qc6 14.
Rg1 O-O-O 15. Be2 Kb8 16. Bf3 Nd5 17. Bd2 Bd6 18. Qxe6 Bxh2 19. Qxc6 bxc6 20.
Re1 Bd6 21. a3 Rhf8 22. c4 Ne7 23. Kc2 Kb7 24. Bc3 Nf5 25. b4 a6 26. b5 axb5
27. cxb5 Ne7 28. bxc6+ Ka6 29. Bxg7 Rf7 30. Bc3 Nf5 31. Re4 Kb5 32. Rb1+ Kc5
33. Rc4# {Normal} 1-0

[Event "Rated Blitz game"]
[Site "?"]
[Date "2021.03.05"]
[Round "?"]
[White "rampageJackson"]
[Black "Gifroy"]
[Result "0-1"]
[WhiteElo "2332"]
[BlackElo "2406"]
[PlyCount "38"]
[EventDate "2021.??.??"]
[EventType "blitz"]

1. e4 e5 2. Nf3 d5 3. Nxe5 Bd6 4. d4 dxe4 5. Bc4 Bxe5 6. dxe5 Qxd1+ 7. Kxd1 Bf5
8. Be3 Nc6 9. Bb5 Nge7 10. c3 O-O-O+ 11. Ke2 Nxe5 12. a4 a6 13. Bc5 N7g6 14.
Na3 Nf4+ 15. Ke3 Nxg2+ 16. Ke2 Bg4+ 17. Kf1 Nf4 18. Bd4 Nf3 19. Bc4 Bh3# {
Normal} 0-1

[Event "Rated Blitz game"]
[Site "?"]
[Date "2021.03.05"]
[Round "?"]
[White "hesamtsh"]
[Black "KamranShirazi"]
[Result "1-0"]
[WhiteElo "2373"]
[BlackElo "2444"]
[PlyCount "69"]
[EventDate "2021.??.??"]
[EventType "blitz"]

1. e4 e5 2. Nf3 d5 3. exd5 e4 4. Nd4 Qxd5 5. Nb3 Bd6 6. Nc3 Qe5 7. Be2 Bf5 8.
g3 Nc6 9. d4 exd3 10. cxd3 O-O-O 11. Bf4 Qe7 12. Be3 Bh3 13. d4 Nf6 14. Qd3 Nb4
15. Qd2 Ne4 16. Nxe4 Qxe4 17. f3 Qxe3 18. Qxe3 Nc2+ 19. Kf2 Nxe3 20. Kxe3 f5
21. Rhe1 g5 22. Kf2 h5 23. Bd3 f4 24. Rac1 g4 25. Bf5+ Kb8 26. Nd2 Rhf8 27. Be4
fxg3+ 28. hxg3 gxf3 29. Nxf3 Rf6 30. Re3 Rg8 31. Rg1 Bg4 32. Rb3 b6 33. a4 a5
34. Rd3 Ka7 35. Ke3 {Time forfeit} 1-0

[Event "Rated Blitz game"]
[Site "?"]
[Date "2021.03.05"]
[Round "?"]
[White "BUNKADIOGO"]
[Black "Blind2250"]
[Result "1/2-1/2"]
[WhiteElo "2420"]
[BlackElo "2397"]
[PlyCount "59"]
[EventDate "2021.??.??"]
[EventType "blitz"]

1. e4 e5 2. Nf3 d5 3. exd5 e4 4. Qe2 Qe7 5. Nd4 Nf6 6. Nc3 Qe5 7. Nb3 Bd6 8. g3
O-O 9. Bg2 Bg4 10. Qe3 Re8 11. O-O Qh5 12. d3 Bf3 13. Qg5 Bxg2 14. Qxh5 Nxh5
15. Kxg2 exd3 16. cxd3 Nd7 17. Ne4 Nhf6 18. Nxd6 cxd6 19. Bf4 Nb6 20. Bxd6 Rad8
21. Bc5 Rxd5 22. Bxb6 axb6 23. d4 Re2 24. Rab1 Rf5 25. Nc1 Rd2 26. Nb3 Re2 27.
Nc1 Rd2 28. Nb3 Re2 29. Nc1 Rd2 30. Nb3 {Normal} 1/2-1/2

[Event "Rated Blitz tournament 6YwGuR2v"]
[Site "?"]
[Date "2021.03.05"]
[Round "?"]
[White "Jaggust01"]
[Black "Erow"]
[Result "1/2-1/2"]
[WhiteElo "2654"]
[BlackElo "2652"]
[PlyCount "89"]
[EventDate "2021.??.??"]
[EventType "blitz"]

1. e4 e5 2. Nf3 d5 3. d4 dxe4 4. Nxe5 Bd6 5. Nc3 Bxe5 6. dxe5 Qxd1+ 7. Kxd1
Bg4+ 8. Be2 Bxe2+ 9. Kxe2 Nc6 10. Nxe4 O-O-O 11. Be3 Nxe5 12. Rad1 Ne7 13. b3
Nd5 14. c4 Nxe3 15. fxe3 Rhe8 16. Rxd8+ Rxd8 17. Nf2 f5 18. h3 h5 19. g4 hxg4
20. hxg4 fxg4 21. Rg1 Rh8 22. Nxg4 Nxg4 23. Rxg4 Rh2+ 24. Kd3 Rxa2 25. Rxg7 b6
26. e4 Rb2 27. Kc3 Re2 28. Re7 Kd8 29. Re5 Kd7 30. Kd3 Re1 31. Rh5 a5 32. Rh6
Rb1 33. Kc2 Re1 34. Rh4 Re3 35. Rh7+ Kc6 36. Rh6+ Kc5 37. Rh5+ Kb4 38. Rb5+ Ka3
39. c5 Rxe4 40. cxb6 cxb6 41. Rxb6 Rb4 42. Ra6 Rb5 43. Ra8 Rc5+ 44. Kb1 Kxb3
45. Rb8+ {Normal} 1/2-1/2

[Event "Rated Blitz game"]
[Site "?"]
[Date "2021.03.04"]
[Round "?"]
[White "JurajMatejovic_SK"]
[Black "pasha1984"]
[Result "1/2-1/2"]
[WhiteElo "2418"]
[BlackElo "2430"]
[PlyCount "130"]
[EventDate "2021.??.??"]
[EventType "blitz"]

1. e4 e5 2. Nf3 d5 3. Nxe5 dxe4 4. d4 Bd6 5. Nc4 Nc6 6. Nc3 Nf6 7. Be2 Bb4 8.
Be3 O-O 9. O-O Bxc3 10. bxc3 Nd5 11. Qd2 Be6 12. Bg5 f6 13. Bh4 Qe7 14. Rae1
Rae8 15. f3 exf3 16. Bxf3 Qf7 17. Ne5 Nxe5 18. dxe5 f5 19. c4 Nb6 20. c5 Nc4
21. Qb4 c6 22. Rb1 Rb8 23. Bg3 f4 24. Be4 g5 25. h4 h6 26. hxg5 hxg5 27. Qc3
Ne3 28. Rf2 Bd5 29. Qxe3 fxe3 30. Rxf7 Bxf7 31. e6 Bxe6 32. Bxb8 Rxb8 33. Kf1
Bxa2 34. Rb2 Bc4+ 35. Ke1 Kf7 36. Bxc6 Rh8 37. Rxb7+ Ke6 38. Bd7+ Ke5 39. Bh3
g4 40. Re7+ Kf6 41. Rxe3 gxh3 42. Rxh3 Rxh3 43. gxh3 Kg5 44. Kd2 Ba6 45. Kc3
Bb7 46. Kb4 Bc6 47. Ka5 Bb7 48. c6 Bxc6 49. Ka6 Bg2 50. Kxa7 Bxh3 51. Kb6 Kf6
52. Kc5 Ke7 53. c3 Kd8 54. Kd4 Kc8 55. c4 Bd7 56. c5 Bc6 57. Kc3 Bd7 58. Kd2
Kc7 59. Ke3 Kc6 60. Kd2 Bc8 61. Ke3 Bb7 62. Kd2 Ba6 63. Ke3 Bb5 64. Kd2 Ba6 65.
Ke3 Kxc5 {Normal} 1/2-1/2

[Event "Rated Blitz tournament UhYrN5kd"]
[Site "?"]
[Date "2021.03.04"]
[Round "?"]
[White "Wildways"]
[Black "annaly1979"]
[Result "0-1"]
[WhiteElo "2272"]
[BlackElo "2429"]
[PlyCount "94"]
[EventDate "2021.??.??"]
[EventType "blitz"]

1. e4 e5 2. Nf3 d5 3. exd5 e4 4. Ne5 Bd6 5. Nc4 Nf6 6. Nc3 h6 7. d3 O-O 8. dxe4
Re8 9. Bd3 Bf5 10. O-O Nxe4 11. Nxe4 Bxe4 12. Bxe4 Rxe4 13. Nxd6 Qxd6 14. Be3
Nd7 15. Qd3 Rae8 16. c4 b6 17. b3 Rh4 18. g3 Ne5 19. Qd1 Re4 20. Bf4 Qg6 21.
Bxe5 R8xe5 22. Qd2 h5 23. Rae1 h4 24. Rxe4 Rxe4 25. Re1 h3 26. f3 Rxe1+ 27.
Qxe1 Qc2 28. Qf2 Qb1+ 29. Qf1 Qxa2 30. Qxh3 Qb1+ 31. Kg2 Qc2+ 32. Kg1 Qd1+ 33.
Kf2 Qd3 34. Qc8+ Kh7 35. Qxc7 Qd2+ 36. Kg1 Qd1+ 37. Kf2 Qxb3 38. d6 Qc2+ 39.
Kg1 Qd1+ 40. Kf2 Qd2+ 41. Kg1 Qd1+ 42. Kg2 Qe2+ 43. Kh3 Qxf3 44. Qe7 Qf1+ 45.
Kg4 g6 46. d7 Qf5+ 47. Kh4 Qh5# {Normal} 0-1

[Event "Rated Blitz game"]
[Site "?"]
[Date "2021.03.04"]
[Round "?"]
[White "vovaches"]
[Black "annaly1979"]
[Result "1-0"]
[WhiteElo "2610"]
[BlackElo "2411"]
[PlyCount "69"]
[EventDate "2021.??.??"]
[EventType "blitz"]

1. e4 e5 2. Nf3 d5 3. Nxe5 Qe7 4. Nf3 dxe4 5. Nd4 f5 6. Be2 Nf6 7. Nb3 Be6 8.
Nc3 Nc6 9. O-O Qf7 10. d3 O-O-O 11. Bg5 h6 12. Bxf6 gxf6 13. Qc1 h5 14. dxe4
fxe4 15. Nxe4 Bh6 16. Qe1 Bxb3 17. axb3 Nd4 18. Bd3 Rhe8 19. Rxa7 f5 20. Nc5 c6
21. Qa5 Bf4 22. Rxb7 Qxb7 23. Ba6 Qxa6 24. Qxa6+ Kc7 25. Qb7+ Kd6 26. b4 h4 27.
Nd3 Bg5 28. Rd1 h3 29. c3 Ne2+ 30. Kf1 hxg2+ 31. Kxg2 Ke6 32. Nc5+ Kf6 33. Rxd8
Rxd8 34. Qxc6+ Kg7 35. Ne6+ {Normal} 1-0

[Event "Rated Blitz tournament CEZFt6K3"]
[Site "?"]
[Date "2021.03.04"]
[Round "?"]
[White "Adekbu"]
[Black "Maltinho"]
[Result "0-1"]
[WhiteElo "2326"]
[BlackElo "2449"]
[PlyCount "176"]
[EventDate "2021.??.??"]
[EventType "blitz"]

1. e4 e5 2. Nf3 d5 3. exd5 Bd6 4. Nc3 Nf6 5. d3 c6 6. Bg5 h6 7. Bxf6 Qxf6 8.
Ne4 Qe7 9. Nxd6+ Qxd6 10. dxc6 bxc6 11. Be2 O-O 12. O-O f5 13. Nd2 Be6 14. Bf3
Nd7 15. Re1 Bd5 16. Nc4 Qf6 17. Ne3 Nb6 18. c4 Bf7 19. a4 Rad8 20. Qc2 g5 21.
a5 Nd7 22. c5 g4 23. Bd1 h5 24. Nc4 Nxc5 25. Nxe5 Nb3 26. Ra3 Nd4 27. Qc3 Rfe8
28. Nxf7 Qxf7 29. Re3 f4 30. Re4 Rxe4 31. dxe4 Kh7 32. Ra1 f3 33. e5 fxg2 34.
Qe3 Qf5 35. Rc1 c5 36. Rxc5 Nf3+ 37. Bxf3 Qxf3 38. Rc7+ Kg6 39. Rc1 Qxe3 40.
fxe3 Rd2 41. Rc7 Kf5 42. e6 Kxe6 43. Rxa7 h4 44. Ra6+ Ke5 45. Rg6 h3 46. Rxg4
Rd1+ 47. Kf2 Rf1+ 48. Ke2 g1=Q 49. Rxg1 Rxg1 50. b4 Rb1 51. a6 Rxb4 52. Kf3 Ra4
53. Kg3 Ke4 54. Kxh3 Kxe3 55. Kg3 Ke4 56. Kg4 Ke5+ 57. Kg5 Ke6 58. h4 Kf7 59.
h5 Kg7 60. h6+ Kh7 61. Kh5 Rxa6 62. Kg5 Rxh6 63. Kf5 Rg6 64. Kf4 Kg7 65. Kf5
Kf7 66. Kf4 Rf6+ 67. Ke5 Kg6 68. Ke4 Rf5 69. Kd4 Kg5 70. Ke4 Kg4 71. Ke3 Re5+
72. Kd4 Kf5 73. Kd3 Kf4 74. Kd4 Re4+ 75. Kd3 Kf3 76. Kd2 Re3 77. Kc2 Ke4 78.
Kd2 Kd4 79. Kc2 Rd3 80. Kb2 Kc4 81. Kc2 Kd4 82. Kb2 Rc3 83. Ka2 Kc4 84. Kb2 Kd3
85. Ka2 Kd2 86. Kb2 Rd3 87. Ka2 Kc2 88. Ka1 Ra3# {Normal} 0-1

[Event "Rated Blitz tournament CEZFt6K3"]
[Site "?"]
[Date "2021.03.04"]
[Round "?"]
[White "badbadger95"]
[Black "ayvalik10"]
[Result "0-1"]
[WhiteElo "2693"]
[BlackElo "2311"]
[PlyCount "138"]
[EventDate "2021.??.??"]
[EventType "blitz"]

1. e4 e5 2. Nf3 d5 3. Nc3 d4 4. Ne2 f6 5. Ng3 Be6 6. b3 c5 7. Bc4 Bxc4 8. bxc4
Nc6 9. d3 Qd7 10. Rb1 Nge7 11. h4 h5 12. Nh2 b6 13. Nxh5 O-O-O 14. Nf1 Kb8 15.
Nhg3 g6 16. Qf3 f5 17. Bd2 f4 18. Ne2 g5 19. Nh2 Rxh4 20. g4 Bg7 21. Ng1 Rdh8
22. Qg2 Kc7 23. Ngf3 R4h6 24. Nxg5 Ng6 25. Ngf3 Bf8 26. Ke2 Qh7 27. Ng5 Rxh2
28. Nxh7 Rxg2 29. Kf3 Be7 30. g5 Rxh7 31. Kxg2 Rg7 32. Kf3 Kd6 33. Rbg1 Ke6 34.
Rh5 Kf7 35. a4 Nf8 36. a5 bxa5 37. Ra1 Bd8 38. Rh6 Ne6 39. g6+ Rxg6 40. Rxg6
Kxg6 41. Kg4 Nb4 42. Bxb4 cxb4 43. Kf3 Nc5 44. Ke2 a4 45. Kd2 b3 46. Rg1+ Kf7
47. cxb3 axb3 48. Rh1 Ba5+ 49. Kc1 Nxd3+ 50. Kb1 Nxf2 51. Rh7+ Kg6 52. Rxa7 Bc3
53. c5 d3 54. c6 d2 55. Rd7 Ba5 56. Rxd2 Nxe4 57. Rd7 f3 58. c7 Bxc7 59. Rxc7
f2 60. Rc1 f1=Q 61. Rxf1 Nd2+ 62. Kb2 Nxf1 63. Kxb3 Kf5 64. Kc3 Kf4 65. Kc2 Kf3
66. Kd1 e4 67. Ke1 Ng3 68. Kd2 Kf2 69. Kd1 e3 {Normal} 0-1

[Event "Rated Blitz game"]
[Site "?"]
[Date "2021.03.04"]
[Round "?"]
[White "Zutano"]
[Black "Evdokimov_Michael"]
[Result "1-0"]
[WhiteElo "2400"]
[BlackElo "2233"]
[PlyCount "145"]
[EventDate "2021.??.??"]
[EventType "blitz"]

1. e4 e5 2. Nf3 d5 3. exd5 e4 4. Qe2 Nf6 5. Nc3 Be7 6. Nxe4 O-O 7. Nxf6+ Bxf6
8. Qd3 Re8+ 9. Be2 Qe7 10. c4 Bf5 11. Qe3 Qd7 12. Qf4 Bd3 13. Ng1 Na6 14. Kd1
Bg6 15. Nf3 Nb4 16. h4 Re4 17. Qg3 Rae8 18. h5 Bf5 19. Re1 Qa4+ 20. b3 Qd7 21.
a3 Rxe2 22. axb4 Rxe1+ 23. Nxe1 Bxa1 24. Nc2 Qe7 25. Qe3 Bxc2+ 26. Kxc2 Qxe3
27. fxe3 Bf6 28. d4 Re4 29. Kd3 Rg4 30. e4 Rxg2 31. e5 Bd8 32. c5 Rg3+ 33. Kc4
Kf8 34. e6 fxe6 35. dxe6 Ke7 36. d5 c6 37. b5 cxd5+ 38. Kxd5 Rd3+ 39. Kc4 Rd1
40. Bg5+ Ke8 41. Bf4 Ke7 42. Bb8 a6 43. bxa6 bxa6 44. c6 Kxe6 45. Kc5 Rc1+ 46.
Kb4 Kd5 47. Bf4 Kxc6 48. Bxc1 Kd5 49. Bb2 a5+ 50. Kb5 g5 51. hxg6 hxg6 52. Bc3
g5 53. Be1 g4 54. Bxa5 Ke4 55. Bxd8 Kf3 56. Bc7 g3 57. Bxg3 Kxg3 58. Kc6 Kg2
59. b4 Kf3 60. b5 Kg2 61. b6 Kf3 62. b7 Kg2 63. b8=Q Kf3 64. Qd6 Kg2 65. Kd5
Kf2 66. Qe5 Kf3 67. Ke6 Kg2 68. Kf5 Kf3 69. Qf4+ Kg2 70. Kg4 Kg1 71. Qd2 Kh1
72. Kf3 Kg1 73. Qg2# {Normal} 1-0

[Event "Rated Blitz tournament CEZFt6K3"]
[Site "?"]
[Date "2021.03.04"]
[Round "?"]
[White "SGchess01"]
[Black "ayvalik10"]
[Result "1-0"]
[WhiteElo "2585"]
[BlackElo "2385"]
[PlyCount "47"]
[EventDate "2021.??.??"]
[EventType "blitz"]

1. e4 e5 2. Nf3 d5 3. exd5 e4 4. Ne5 Nf6 5. d4 Bd6 6. Nc3 O-O 7. Bg5 h6 8. Bh4
Nbd7 9. Nc4 Nb6 10. Ne3 g5 11. Bg3 Bf4 12. Be2 Kg7 13. O-O Nbxd5 14. Nexd5 Nxd5
15. Nxe4 f5 16. Nc5 b6 17. Nd3 Bxg3 18. hxg3 Bb7 19. Bf3 g4 20. Bxd5 Qxd5 21.
Nf4 Qf7 22. d5 Rfe8 23. Qd4+ Qf6 24. Nh5+ {Normal} 1-0

[Event "Rated Blitz game"]
[Site "?"]
[Date "2021.03.04"]
[Round "?"]
[White "ZeruHmyz"]
[Black "annaly1979"]
[Result "0-1"]
[WhiteElo "2504"]
[BlackElo "2409"]
[PlyCount "122"]
[EventDate "2021.??.??"]
[EventType "blitz"]

1. e4 e5 2. Nf3 d5 3. d4 dxe4 4. Nxe5 Bd6 5. Nc4 Nf6 6. Bg5 O-O 7. Nc3 Bf5 8.
Be2 h6 9. Bh4 Re8 10. Ne3 Bg6 11. Qd2 a6 12. O-O-O b5 13. Kb1 c6 14. Ng4 Nbd7
15. Nxf6+ Nxf6 16. Qe3 Nd5 17. Bxd8 Nxe3 18. fxe3 Raxd8 19. g4 c5 20. h4 cxd4
21. exd4 b4 22. Nd5 a5 23. h5 Bh7 24. Rhf1 a4 25. Ne3 a3 26. Bc4 Re7 27. b3 Kf8
28. Rde1 f6 29. Nf5 Bxf5 30. gxf5 Bg3 31. Re3 Bh4 32. Rd1 Bg5 33. Re2 e3 34.
Be6 Rc7 35. c4 bxc3 36. Kc2 Ke7 37. Rd3 Rd6 38. d5 Rb6 39. Rxc3 Rxc3+ 40. Kxc3
Kd6 41. b4 Ke5 42. Kc4 Rb7 43. b5 Rc7+ 44. Kb4 Kd6 45. b6 Rb7 46. Kb5 Bf4 47.
Ka6 Rb8 48. b7 Kc5 49. Ka7 Kd4 50. Rc2 Kd3 51. d6 Bxd6 52. Rg2 e2 53. Bb3 Ke3
54. Rxe2+ Kxe2 55. Kb6 Be5 56. Kc6 Rd8 57. Bd5 Kd2 58. Be4 Kc3 59. Bd5 Kb2 60.
Be6 Rd6+ 61. Kc5 Rxe6 {Time forfeit} 0-1

[Event "Rated Blitz tournament XzNLmcFB"]
[Site "?"]
[Date "2021.03.04"]
[Round "?"]
[White "Neuerungim34zug"]
[Black "dr_xStranger"]
[Result "1-0"]
[WhiteElo "2341"]
[BlackElo "2468"]
[PlyCount "71"]
[EventDate "2021.??.??"]
[EventType "blitz"]

1. e4 e5 2. Nf3 d5 3. Nxe5 Bd6 4. d4 dxe4 5. Bc4 Bxe5 6. dxe5 Qxd1+ 7. Kxd1 Nc6
8. Bf4 Nge7 9. Re1 Ng6 10. Bg3 Bf5 11. Nc3 O-O-O+ 12. Kc1 Ngxe5 13. Bd5 f6 14.
Bxe4 Bxe4 15. Rxe4 Rhe8 16. b3 f5 17. Re2 g5 18. f4 gxf4 19. Bxf4 Ng6 20. Bg5
Rxe2 21. Nxe2 Re8 22. Kd2 Re6 23. Rf1 Nge7 24. Nf4 Rd6+ 25. Kc3 Ng6 26. Nd3 Rd5
27. Re1 Kd7 28. Re3 a5 29. Rh3 Nf8 30. Bh6 Ne6 31. Be3 Ne5 32. Rxh7+ Kc6 33.
Nf4 Nxf4 34. Bxf4 Nd7 35. Rh6+ Kb5 36. a4+ {Normal} 1-0

[Event "Rated Blitz game"]
[Site "?"]
[Date "2021.03.04"]
[Round "?"]
[White "hicus"]
[Black "annaly1979"]
[Result "0-1"]
[WhiteElo "2423"]
[BlackElo "2396"]
[PlyCount "110"]
[EventDate "2021.??.??"]
[EventType "blitz"]

1. e4 e5 2. Nf3 d5 3. exd5 e4 4. Qe2 f5 5. d3 Nf6 6. Bg5 Be7 7. dxe4 fxe4 8.
Bxf6 Bxf6 9. Nc3 O-O 10. Nd2 Bf5 11. O-O-O Bxc3 12. bxc3 Qf6 13. Qe3 Nd7 14.
Nb3 b6 15. Qd4 Qd6 16. Kb2 a5 17. a4 Nc5 18. Bb5 Bg6 19. Rd2 Be8 20. c4 Bxb5
21. axb5 a4 22. Nxc5 bxc5 23. Qxe4 Qf6+ 24. c3 a3+ 25. Kb3 a2 26. Ra1 Rfe8 27.
Qf3 Qg6 28. Qd3 Qf6 29. d6 cxd6 30. Raxa2 Rxa2 31. Rxa2 h6 32. Re2 Rf8 33. f3
Kh8 34. Qe4 Qg5 35. Kb2 Qd8 36. Qe7 Qb8 37. Re6 d5 38. Kb3 dxc4+ 39. Kxc4 Qf4+
40. Re4 Qf5 41. Qxc5 Rc8 42. Qxc8+ Qxc8+ 43. Kb4 Qf8+ 44. Kc4 Qf7+ 45. Kb4 Qf8+
46. Kc4 Qa3 47. b6 Qa5 48. Re6 Qa2+ 49. Kc5 Qxe6 50. b7 Qb3 51. Kc6 Qxc3+ 52.
Kd7 Qd4+ 53. Kc7 Qc5+ 54. Kd7 Qb6 55. Kc8 Qc6+ {Time forfeit} 0-1

[Event "Rated Blitz game"]
[Site "?"]
[Date "2021.03.04"]
[Round "?"]
[White "Chessibague"]
[Black "MN_Supariyono"]
[Result "1-0"]
[WhiteElo "2438"]
[BlackElo "2445"]
[PlyCount "117"]
[EventDate "2021.??.??"]
[EventType "blitz"]

1. e4 e5 2. Nf3 d5 3. Nxe5 dxe4 4. d4 Be6 5. Nc3 Nf6 6. Bc4 Bxc4 7. Nxc4 Bb4 8.
O-O Bxc3 9. bxc3 O-O 10. Bg5 Qd5 11. Bxf6 Qxc4 12. Qg4 g6 13. Rae1 Qe6 14. Qh4
Nd7 15. Be7 Rfe8 16. Rxe4 Qxa2 17. Rfe1 f5 18. Re6 Qxc2 19. Qh6 f4 20. h4 Qf5
21. h5 Qxh5 22. Qxf4 c6 23. g4 Qh3 24. R1e3 Qxe3 25. Qxe3 Nb6 26. Qh6 Nd5 27.
Bf6 Nxf6 28. Rxf6 Re7 29. Kg2 Rae8 30. Qf4 a6 31. g5 a5 32. Qd6 a4 33. Qb4 Re4
34. Qxb7 R4e7 35. Qxc6 Kg7 36. Qxa4 Rc8 37. Qa6 Rxc3 38. Qd6 Rcc7 39. Rf4 h5
40. Qf6+ Kh7 41. Qf8 Rg7 42. d5 Rcd7 43. d6 Ra7 44. Rf6 Rad7 45. Qe8 Ra7 46.
Re6 Raf7 47. Re7 Rxe7 48. dxe7 h4 49. Qf8 Rg8 50. e8=Q Rxf8 51. Qxf8 h3+ 52.
Kh1 h2 53. Qf7+ Kh8 54. Qf6+ Kh7 55. f4 Kg8 56. f5 Kh7 57. fxg6+ Kg8 58. Qf7+
Kh8 59. Qh7# {Normal} 1-0